000 00497cam a2200181 4500
001 D1809
008 090401t1974 xxu||||| |||| 00| 0 eng d
035 _a(Sirsi) u65945
041 _aeng
050 _a690.03
100 _aBucksch, Herbert
245 _aDictionary of architecture, building construction and materials vol 1 German-English
260 _aLondon / Berlin
_bMcDonald and Evans / Bauverlag
_c1974
300 _a942p. 20cm
350 _a58.5
942 _n0
948 _c04/03/1997
999 _c94802
_d94802